000 00519nam a2200181Ia 4500
005 20250326143443.0
008 250326s9999 xx 000 0 und d
037 _aTextbook
040 _aFMSL
_beng
_cFMSL
041 _aeng
_2eng
084 _aT48(X:8) P4
_qFMSL
100 _aSharma R D
245 0 _aResearch methodology in commerce and management
_cSharma R D; Chahal H
260 _aNew Delhi
_bNew Delhi, Anmol
_c2004
300 _a373p
942 _cTB
_hT48(X:8) P4
999 _c1299619
_d1299619